<?xml version="1.0" encoding="UTF-8"?>
<record
    xmlns:xsi="http://www.w3.org/2001/XMLSchema-instance"
    xsi:schemaLocation="http://www.loc.gov/MARC21/slim http://www.loc.gov/standards/marcxml/schema/MARC21slim.xsd"
    xmlns="http://www.loc.gov/MARC21/slim">

  <leader>00791naa a22002057i 4500</leader>
  <controlfield tag="001">232578</controlfield>
  <controlfield tag="003">ES-MaBCM</controlfield>
  <controlfield tag="005">20260312062530.0</controlfield>
  <controlfield tag="008">260304s2025    sp ||||| ||||o00| 0 spa d</controlfield>
  <datafield tag="040" ind1=" " ind2=" ">
    <subfield code="c">ES-MaBCM</subfield>
  </datafield>
  <datafield tag="100" ind1="1" ind2=" ">
    <subfield code="a">Bauz&#xE1; Martorell, Felio Jos&#xE9;</subfield>
    <subfield code="9">4040</subfield>
  </datafield>
  <datafield tag="245" ind1="1" ind2="3">
    <subfield code="a">La vocaci&#xF3;n del derecho administrativo de nuestro tiempo cincuenta a&#xF1;os despu&#xE9;s :</subfield>
    <subfield code="b">tributo a Alejandro Nieto</subfield>
    <subfield code="c">Felio Jos&#xE9; Bauz&#xE1; Martorell</subfield>
  </datafield>
  <datafield tag="504" ind1=" " ind2=" ">
    <subfield code="a">Incluye referencias bibliogr&#xE1;ficas</subfield>
  </datafield>
  <datafield tag="600" ind1="1" ind2="7">
    <subfield code="a">Nieto, Alejandro</subfield>
    <subfield code="d"> (1930-2023)</subfield>
    <subfield code="2"></subfield>
    <subfield code="9">33618</subfield>
  </datafield>
  <datafield tag="650" ind1=" " ind2="7">
    <subfield code="a">Derecho administrativo</subfield>
    <subfield code="9">58277</subfield>
  </datafield>
  <datafield tag="650" ind1=" " ind2="7">
    <subfield code="a">Ciencia jur&#xED;dica</subfield>
    <subfield code="9">58276</subfield>
  </datafield>
  <datafield tag="650" ind1=" " ind2="7">
    <subfield code="a">Historia del Derecho</subfield>
    <subfield code="9">58879</subfield>
  </datafield>
  <datafield tag="773" ind1="0" ind2=" ">
    <subfield code="d">Madrid</subfield>
    <subfield code="g">N. 227 (mayo-ag. 2025), 32 p. - Loc. S.026</subfield>
    <subfield code="t">Revista de administraci&#xF3;n p&#xFA;blica</subfield>
    <subfield code="w">104514</subfield>
  </datafield>
  <datafield tag="942" ind1=" " ind2=" ">
    <subfield code="2">udc</subfield>
    <subfield code="c">AREV</subfield>
  </datafield>
  <datafield tag="999" ind1=" " ind2=" ">
    <subfield code="c">232578</subfield>
    <subfield code="d">232578</subfield>
  </datafield>
  <datafield tag="952" ind1=" " ind2=" ">
    <subfield code="0">0</subfield>
    <subfield code="1">0</subfield>
    <subfield code="2">udc</subfield>
    <subfield code="4">0</subfield>
    <subfield code="7">0</subfield>
    <subfield code="a">BC</subfield>
    <subfield code="b">BC</subfield>
    <subfield code="c">SALA</subfield>
    <subfield code="d">2026-03-04</subfield>
    <subfield code="l">0</subfield>
    <subfield code="r">2026-03-04 10:20:18</subfield>
    <subfield code="w">2026-03-04</subfield>
    <subfield code="y">AREV</subfield>
  </datafield>
</record>
